000 00636nam a22002057a 4500
003 OSt
005 20180116183001.0
008 150112b xxu||||| |||| 00| 0 eng d
020 _a9781784151294
040 _a0
_c0
082 _a658.15 CIMA 2014
110 _aKaplan Financial Limited
245 _aFinancial Reporting and Taxation
_bCIMA official Exam Practice Kit Paper F1 2 Vol Set
_cKaplan Financial Limited
260 _aUK
_bKaplan Publishing UK
_c2014
300 _a738p.
_bPB
440 _aFinancial Reporting and Taxation
610 _aKaplan Financial Limited
710 _aKaplan Financial Limited
942 _2ddc
_cBK
999 _c349845
_d349845